[Event "Summer TNM"]
[Site "San Francisco"]
[Date "2006.06.27"]
[Round "4"]
[White "Salinas, Chad"]
[Black "Tuvshintugs, Batchimeg"]
[Result "0-1"]
[WhiteElo "1965"]
[BlackElo "2268"]
[PlyCount "78"]
[EventDate "2006.06.06"]
[EventType "swiss"]
[EventRounds "8"]
[EventCountry "USA"]

1. e4 c5 2. Nf3 Nc6 3. d4 cxd4 4. Nxd4 Nf6 5. Nc3 e5 6. Ndb5 d6 7. Bg5 a6 8.
Na3 b5 9. Nd5 Be7 10. Bxf6 Bxf6 11. c3 O-O 12. Nc2 Bg5 13. a4 bxa4 14. Rxa4 a5
15. Bc4 Rb8 16. Ra2 Kh8 17. Nce3 Ne7 18. h4 Bxe3 19. Nxe3 f5 20. exf5 Nxf5 21.
Nd5 e4 22. Qh5 Be6 23. b3 Bxd5 24. Bxd5 Qf6 25. O-O Ng3 26. fxg3 Qxf1+ 27. Kh2
Rf5 28. Bc4 Rxh5 29. Bxf1 Rxb3 30. Be2 Rf5 31. g4 Rc5 32. c4 Kg8 33. Rd2 Rb6
34. Kg3 a4 35. Kf4 a3 36. Ke3 Rb3+ 37. Kxe4 Rb2 38. Rxb2 axb2 39. Bd3 Re5+ 0-1

[Event "Summer TNM"]
[Site "San Francisco"]
[Date "2006.06.27"]
[Round "4"]
[White "Sanguinetti, George"]
[Black "Ladyzhensky, Boris"]
[Result "1-0"]
[WhiteElo "1959"]
[BlackElo "1733"]
[PlyCount "93"]
[EventDate "2006.06.06"]
[EventType "swiss"]
[EventRounds "8"]
[EventCountry "USA"]

1. e4 c5 2. Nf3 d6 3. c3 Nc6 4. d4 cxd4 5. cxd4 Nf6 6. Nc3 Bg4 7. Be2 Nd7 8.
Be3 e6 9. O-O Be7 10. a3 O-O 11. b4 Rc8 12. Rc1 a6 13. Qd2 Bf6 14. h3 Bh5 15.
Ne1 Bxe2 16. Nxe2 Qe7 17. Nd3 Rfe8 18. f4 Qf8 19. e5 Be7 20. Rf3 f5 21. exd6
Bxd6 22. Ne5 Nf6 23. Qd3 Nd5 24. Bd2 a5 25. Nxc6 bxc6 26. bxa5 c5 27. Kh1 cxd4
28. Rxc8 Rxc8 29. Nxd4 Qf6 30. Nb5 Bb8 31. a6 g5 32. a7 Bxf4 33. Bxf4 gxf4 34.
Qb3 Qa1+ 35. Kh2 Qe5 36. a4 Kf7 37. Qa3 Rg8 38. Qd3 Qg7 39. Qd2 Kf6 40. Rf2
Qg3+ 41. Kh1 Kg6 42. Nd4 e5 43. Nc6 Kh6 44. Nxe5 Ne3 45. Nd3 Nxg2 46. Rxg2
Qxh3+ 47. Rh2 1-0

[Event "Summer TNM"]
[Site "San Francisco"]
[Date "2006.06.27"]
[Round "4"]
[White "Starr, Albert"]
[Black "Penoyer, Flyn"]
[Result "0-1"]
[WhiteElo "1555"]
[BlackElo "1829"]
[PlyCount "44"]
[EventDate "2006.06.06"]
[EventType "swiss"]
[EventRounds "8"]
[EventCountry "USA"]

1. b4 d5 2. e3 e5 3. b5 c6 4. c4 Nf6 5. Bb2 Bd6 6. Qc2 O-O 7. d3 Bf5 8. Nf3
Nbd7 9. Be2 Rc8 10. a4 cxb5 11. axb5 dxc4 12. e4 cxd3 13. Qxd3 Bb4+ 14. Nbd2
Bxe4 15. Qb3 Bxf3 16. Bxf3 Bxd2+ 17. Ke2 Nc5 18. Qa3 e4 19. Bxf6 exf3+ 20. Kxf3
Qxf6+ 21. Ke2 Rfe8+ 22. Kf1 Nd3 0-1

[Event "Summer TNM"]
[Site "San Francisco"]
[Date "2006.06.27"]
[Round "4"]
[White "Thornally, Frank"]
[Black "Siegrist, Daichi"]
[Result "1/2-1/2"]
[WhiteElo "2200"]
[BlackElo "1954"]
[PlyCount "31"]
[EventDate "2006.06.06"]
[EventType "swiss"]
[EventRounds "8"]
[EventCountry "USA"]

1. Nf3 d5 2. d4 e6 3. e3 c5 4. Bd3 Nf6 5. O-O Nc6 6. Nbd2 Qb6 7. c3 Bd7 8. Ne5
Bd6 9. Nxd7 Nxd7 10. e4 cxd4 11. exd5 exd5 12. Re1+ Nde5 13. cxd4 Nxd4 14. Nf3
Ndxf3+ 15. Qxf3 O-O 16. Qxd5 1/2-1/2

[Event "Summer TNM"]
[Site "San Francisco"]
[Date "2006.06.27"]
[Round "4"]
[White "Wong, Russell"]
[Black "Snyder, Larry"]
[Result "1/2-1/2"]
[WhiteElo "2200"]
[BlackElo "2042"]
[PlyCount "57"]
[EventDate "2006.06.06"]
[EventType "swiss"]
[EventRounds "8"]
[EventCountry "USA"]

1. e4 e5 2. Nf3 Nf6 3. Nc3 Bb4 4. d3 d5 5. exd5 Nxd5 6. Bd2 Nc6 7. Nxd5 Bxd2+
8. Qxd2 Qxd5 9. Be2 h6 10. O-O Be6 11. Rfe1 O-O 12. a3 Rad8 13. Qe3 Rfe8 14.
Rad1 f6 15. c3 Bf7 16. Nh4 Qd7 17. f4 exf4 18. Qxf4 Ne5 19. d4 Ng6 20. Nxg6
Bxg6 21. Bf3 b6 22. h3 Rxe1+ 23. Rxe1 Re8 24. Rxe8+ Bxe8 25. Qe4 a5 26. Bd1 Bf7
27. Bc2 g6 28. h4 h5 29. Bd3 1/2-1/2

[Event "Summer TNM"]
[Site "San Francisco"]
[Date "2006.07.11"]
[Round "5"]
[White "Adkins, Rico"]
[Black "Riese, Kayven"]
[Result "1-0"]
[WhiteElo "1629"]
[BlackElo "1770"]
[PlyCount "29"]
[EventDate "2006.06.06"]
[EventType "swiss"]
[EventRounds "8"]
[EventCountry "USA"]

1. Nf3 c5 2. g3 Nc6 3. Bg2 d6 4. d3 e5 5. O-O g6 6. Ne1 Bg7 7. f4 Nge7 8. e4
O-O 9. g4 exf4 10. Rxf4 f5 11. exf5 gxf5 12. g5 Be5 13. Rh4 Ng6 14. Bd5+ Kg7
15. Rxh7+ 1-0

[Event "Summer TNM"]
[Site "San Francisco"]
[Date "2006.07.11"]
[Round "5"]
[White "Chillakanti, Mukund"]
[Black "Chan, John"]
[Result "0-1"]
[WhiteElo "1643"]
[BlackElo "1692"]
[PlyCount "104"]
[EventDate "2006.06.06"]
[EventType "swiss"]
[EventRounds "8"]
[EventCountry "USA"]

1. e4 c5 2. Nf3 Nc6 3. d4 cxd4 4. Nxd4 d6 5. Nc3 Nf6 6. Be3 e5 7. Nb3 a6 8. Be2
Be7 9. O-O O-O 10. f4 exf4 11. Bxf4 Be6 12. Kh1 b5 13. Bf3 Rc8 14. Nd4 Nxd4 15.
Qxd4 Rc4 16. Qd3 Rc5 17. a3 Bc4 18. Qd4 Bxf1 19. Rxf1 Rc4 20. Qd3 Qc8 21. Re1
Ng4 22. Qe2 Ne5 23. Bxe5 dxe5 24. Nd5 Bd8 25. c3 Rc6 26. Bg4 Qb7 27. Bf5 Rh6
28. Rf1 Qa7 29. Rf3 Kh8 30. Ne3 Bg5 31. Ng4 Rd6 32. Nxe5 Rfd8 33. Rf1 Rh6 34.
Qf3 Rd2 35. Qg4 Bf6 36. Qf4 Rxb2 37. Ng4 Rh4 38. g3 Rbxh2+ 39. Nxh2 Rxf4 40.
Rxf4 Qe3 41. Kg2 Qxc3 42. Ng4 Bg5 43. Rf3 Qd4 44. e5 g6 45. Bc8 h5 46. Nf6 Bxf6
47. exf6 a5 48. Rb3 Qd2+ 49. Kh3 b4 50. axb4 axb4 51. g4 Qc2 52. Rxb4 Qc3+ 0-1

[Event "Summer TNM"]
[Site "San Francisco"]
[Date "2006.07.11"]
[Round "5"]
[White "Dunham, Tom"]
[Black "Frank, Robert"]
[Result "1-0"]
[WhiteElo "1495"]
[BlackElo "1235"]
[PlyCount "41"]
[EventDate "2006.06.06"]
[EventType "swiss"]
[EventRounds "8"]
[EventCountry "USA"]

1. e4 e5 2. Nf3 Nc6 3. d4 exd4 4. Nxd4 Nxd4 5. Qxd4 c5 6. Qe3 b6 7. Nc3 Bb7 8.
Bc4 Ne7 9. O-O d6 10. Qf3 f5 11. Bb5+ Bc6 12. exf5 Qc8 13. Bg5 a6 14. Bxc6+
Nxc6 15. Rfe1+ Be7 16. Qh5+ Kd7 17. Nd5 Qd8 18. Qf7 Rf8 19. Qe6+ Ke8 20. Bxe7
Nxe7 21. Nxe7 1-0

[Event "Summer TNM"]
[Site "San Francisco"]
[Date "2006.07.11"]
[Round "5"]
[White "Gray, William"]
[Black "Wong, Russell"]
[Result "1-0"]
[WhiteElo "2021"]
[BlackElo "2200"]
[PlyCount "49"]
[EventDate "2006.06.06"]
[EventType "swiss"]
[EventRounds "8"]
[EventCountry "USA"]

1. e4 Nf6 2. e5 Nd5 3. d4 d6 4. Nf3 Bg4 5. Be2 e6 6. Ng5 Bxe2 7. Qxe2 Be7 8.
Nf3 c6 9. O-O O-O 10. Nbd2 dxe5 11. dxe5 Nf4 12. Qe4 Ng6 13. h4 Nxh4 14. Nxh4
Bxh4 15. Nf3 Be7 16. Qg4 Kh8 17. Bg5 h6 18. Rad1 Nd7 19. Bc1 Qc7 20. Rfe1 Rad8
21. Qh3 Kh7 22. Rd4 f5 23. Ng5+ Bxg5 24. Bxg5 Nf6 25. exf6 {remainder illegible
} 1-0

[Event "Summer TNM"]
[Site "San Francisco"]
[Date "2006.07.11"]
[Round "5"]
[White "Grey, Peter"]
[Black "Litowsky, Dan"]
[Result "1-0"]
[WhiteElo "2000"]
[BlackElo "1700"]
[PlyCount "39"]
[EventDate "2006.06.06"]
[EventType "swiss"]
[EventRounds "8"]
[EventCountry "USA"]

1. e4 e5 2. Nf3 Nc6 3. Bb5 Bc5 4. O-O d6 5. c3 Bd7 6. d4 exd4 7. cxd4 Bb6 8.
Nc3 a6 9. Bc4 h6 10. h3 Nce7 11. Qb3 f6 12. Bf4 Kf8 13. e5 Ng6 14. Bg3 dxe5 15.
dxe5 fxe5 16. Nxe5 Nxe5 17. Bxe5 Nf6 18. Nd5 Nxd5 19. Bxd5 Rb8 20. Qf3+ 1-0

[Event "Summer TNM"]
[Site "San Francisco"]
[Date "2006.07.11"]
[Round "5"]
[White "Hilliard, Michael"]
[Black "Kwok, James"]
[Result "1/2-1/2"]
[WhiteElo "1400"]
[BlackElo "1204"]
[PlyCount "78"]
[EventDate "2006.06.06"]
[EventType "swiss"]
[EventRounds "8"]
[EventCountry "USA"]

1. d4 Nf6 2. Nf3 e6 3. e3 d5 4. Bd3 Bd6 5. O-O O-O 6. Nbd2 Nbd7 7. e4 dxe4 8.
Nxe4 Nxe4 9. Bxe4 Nf6 10. Bg5 Be7 11. Re1 Nxe4 12. Bxe7 Qxe7 13. Rxe4 b6 14.
Qd3 Bb7 15. Rh4 h6 16. Rh3 Rad8 17. Ne5 c5 18. c3 cxd4 19. cxd4 Rfe8 20. Ng4
Qg5 21. Nxh6+ Kf8 22. Qa3+ Re7 23. Ng4 Kg8 24. Rg3 Rc7 25. Ne3 Qf6 26. Qxa7
Qxd4 27. Qa3 Rdc8 28. h3 Qe4 29. b3 Qd4 30. Rd1 Qc3 31. Qd6 Qc6 32. Qe5 f6 33.
Qxf6 Rf7 34. Rd8+ Rxd8 35. Qxd8+ Rf8 36. Qd4 Qc7 37. Qc4 Qf7 38. Qg4 Bd5 39.
Qd4 Qe7 {remainder illegible} 1/2-1/2

[Event "Summer TNM"]
[Site "San Francisco"]
[Date "2006.07.11"]
[Round "5"]
[White "Kleiman, Charles"]
[Black "Salinas, Chad"]
[Result "0-1"]
[WhiteElo "1901"]
[BlackElo "1965"]
[PlyCount "96"]
[EventDate "2006.06.06"]
[EventType "swiss"]
[EventRounds "8"]
[EventCountry "USA"]

1. d4 e6 2. c4 d5 3. Nf3 c5 4. cxd5 exd5 5. Nc3 Nc6 6. g3 Nf6 7. Bg2 Be7 8. O-O
O-O 9. a3 cxd4 10. Nxd4 Bg4 11. h3 Be6 12. Nxe6 fxe6 13. e3 Rc8 14. h4 a6 15.
Bh3 Qd6 16. Qd2 Ne5 17. f4 Ned7 18. Qe2 Rc4 19. Rd1 b5 20. e4 Qb6+ 21. Be3 d4
22. Bf2 Bc5 23. e5 dxc3 24. exf6 Bxf2+ 25. Qxf2 cxb2 26. Qxb6 Nxb6 27. Bxe6+
Kh8 28. fxg7+ Kxg7 29. Rab1 Rc2 30. Bb3 Re2 31. Rd6 Rc8 32. Rdd1 Rc3 33. Kf1
Rce3 34. Ba2 Nc4 35. Rd7+ Kf6 36. Rbd1 Rc2 37. g4 Rf3+ 38. Kg1 Rxf4 39. g5+ Ke6
40. R7d6+ Kf7 41. Rd7+ Kg8 42. Rd8+ Rf8 43. R8d7 Rc1 44. Kg2 b1=Q 45. Bxb1 Rxd1
46. Bxh7+ Kh8 47. Re7 Ne3+ 48. Kg3 Rg1+ 0-1

[Event "Summer TNM"]
[Site "San Francisco"]
[Date "2006.07.11"]
[Round "5"]
[White "Ladyzhensky, Boris"]
[Black "Sandberg, Evan"]
[Result "1/2-1/2"]
[WhiteElo "1733"]
[BlackElo "1506"]
[PlyCount "99"]
[EventDate "2006.06.06"]
[EventType "swiss"]
[EventRounds "8"]
[EventCountry "USA"]

1. e4 c5 2. Nf3 Nc6 3. d4 cxd4 4. Nxd4 Nf6 5. Nc3 e5 6. Ndb5 d6 7. Bg5 a6 8.
Na3 b5 9. Bxf6 gxf6 10. Nd5 f5 11. Bd3 Be6 12. c3 Bg7 13. Qh5 f4 14. O-O O-O
15. Nc2 f6 16. g3 Bf7 17. Qh3 h6 18. gxf4 exf4 19. Nxf4 Ne5 20. Be2 Ng6 21. Nh5
Ne5 22. Nxg7 Kxg7 23. Nd4 Kh7 24. Nf5 Rg8+ 25. Kh1 Rg6 26. Bh5 Rg5 27. Bxf7
Nxf7 28. Rg1 Qe8 29. Rxg5 fxg5 30. Qd3 Rc8 31. f3 Qe6 32. Rd1 Ne5 33. Qe2 Qxa2
34. Rxd6 Rxc3 35. Rxh6+ Kg8 36. Qd1 Rd3 37. Qc1 Nf7 38. Rh5 Qc4 39. Rxg5+ Kf8
40. Rg1 Rxf3 41. Qe1 Rh3 42. Rg7 Nh6 43. Nd6 Qd3 44. Rg6 Qf3+ 45. Kg1 Rxh2 46.
Kxh2 Qh5+ 47. Kg2 Qxg6+ 48. Qg3 Qxg3+ 49. Kxg3 Nf7 50. Nb7 1/2-1/2

[Event "Summer TNM"]
[Site "San Francisco"]
[Date "2006.07.11"]
[Round "5"]
[White "Livschitz, Jennifer"]
[Black "Allen, Tom"]
[Result "0-1"]
[WhiteElo "1485"]
[BlackElo "1627"]
[PlyCount "108"]
[EventDate "2006.06.06"]
[EventType "swiss"]
[EventRounds "8"]
[EventCountry "USA"]

1. e4 e5 2. Nf3 Nc6 3. Bb5 f5 4. d3 fxe4 5. dxe4 Nf6 6. Bg5 d6 7. Nc3 Be7 8. h3
O-O 9. O-O Be6 10. Qe2 Qe8 11. Be3 a6 12. Ng5 Bd7 13. Bc4+ Kh8 14. Nd5 Nxd5 15.
Bxd5 Bxg5 16. Bxg5 Nd4 17. Qd3 c6 18. Bb3 Qg6 19. Bh4 Qh5 20. Be7 Ne2+ 21. Kh2
Nf4 22. Qg3 Nxh3 23. gxh3 Rf4 24. Rg1 Bg4 25. Kg2 Bxh3+ 26. Qxh3 Rxf2+ 27. Kxf2
Qxh3 28. Bxd6 Qh4+ 29. Ke3 Qf4+ 30. Ke2 Qxe4+ 31. Kf2 Qd4+ 32. Ke2 Qxd6 33.
Rad1 Qe7 34. Rgf1 Rf8 35. Rd7 Qe8 36. Rfd1 Qh5+ 37. Ke1 h6 38. Rxb7 Qh4+ 39.
Ke2 Qf2+ 40. Kd3 Rd8+ 41. Kc3 Qc5+ 42. Bc4 Rxd1 43. Kb3 Rd8 44. Bxa6 e4 45. Bc4
e3 46. Rf7 Rd2 47. Rf1 Rxc2 48. Bd3 Rd2 49. Bc4 e2 50. Re1 Qe3+ 51. Kb4 Rxb2+
52. Bb3 c5+ 53. Ka4 Qc3 54. Rxe2 Qb4# 0-1

[Event "Summer TNM"]
[Site "San Francisco"]
[Date "2006.07.11"]
[Round "5"]
[White "Lupton, Stephen"]
[Black "Braden, Brian"]
[Result "1-0"]
[WhiteElo "1356"]
[BlackElo "1135"]
[PlyCount "61"]
[EventDate "2006.06.06"]
[EventType "swiss"]
[EventRounds "8"]
[EventCountry "USA"]

1. e4 e5 2. Bc4 Nf6 3. d3 Be7 4. Nc3 c6 5. Nf3 d5 6. Bb3 Bg4 7. h3 Bh5 8. g4
dxe4 9. Nxe5 exd3 10. gxh5 Qd4 11. Nxd3 O-O 12. Be3 Qh4 13. Nf4 Bb4 14. Qf3 Bd6
15. Qg3 Qxg3 16. fxg3 Re8 17. O-O-O Bxf4 18. Bxf4 Nxh5 19. Rhe1 Rf8 20. Bd6 Rd8
21. Re7 Na6 22. Bxf7+ Kf8 23. Rxb7+ Rxd6 24. Rxd6 Nc5 25. Rc7 Nxg3 26. Rdxc6
Nce4 27. Nxe4 Nxe4 28. Bd5 Nf6 29. Rc8+ Rxc8 30. Rxc8+ Ke7 31. Bf3 1-0

[Event "Summer TNM"]
[Site "San Francisco"]
[Date "2006.07.11"]
[Round "5"]
[White "Purcell, Brendan"]
[Black "Ossipov, Victor"]
[Result "1-0"]
[WhiteElo "1901"]
[BlackElo "2145"]
[PlyCount "99"]
[EventDate "2006.06.06"]
[EventType "swiss"]
[EventRounds "8"]
[EventCountry "USA"]

1. e4 e6 2. d4 d5 3. Nc3 Nf6 4. e5 Nfd7 5. f4 c5 6. Nf3 Nc6 7. Be3 Qb6 8. Na4
Qa5+ 9. c3 cxd4 10. b4 Qc7 11. Nxd4 Nxd4 12. Bxd4 Be7 13. Bd3 g6 14. O-O Nb8
15. Rc1 Bd7 16. c4 dxc4 17. Bxc4 Nc6 18. b5 Nxd4 19. Qxd4 Qa5 20. Nc5 Bxc5 21.
Qxc5 Qb6 22. Be2 Qxc5+ 23. Rxc5 b6 24. Rc7 Kd8 25. Rb7 Rc8 26. Rxa7 Rc7 27.
Rxc7 Kxc7 28. Rc1+ Kb8 29. Kf2 Rd8 30. Rd1 Kc7 31. a4 Rf8 32. Bf3 f6 33. Rc1+
Kb8 34. exf6 Rxf6 35. Ke3 h6 36. Bc6 Bc8 37. h4 Rf7 38. Be4 Ra7 39. Rc4 Bb7 40.
Bxb7 Kxb7 41. Ke4 Ra8 42. Ke5 Rd8 43. Rd4 Rf8 44. Kxe6 h5 45. g3 Rf5 46. Rd7+
Kc8 47. Rg7 Rc5 48. Rxg6 Rc4 49. f5 Rxa4 50. f6 1-0

[Event "Summer TNM"]
[Site "San Francisco"]
[Date "2006.07.11"]
[Round "5"]
[White "Royzen, Igor"]
[Black "Petrison, John"]
[Result "0-1"]
[WhiteElo "1675"]
[BlackElo "2035"]
[PlyCount "114"]
[EventDate "2006.06.06"]
[EventType "swiss"]
[EventRounds "8"]
[EventCountry "USA"]

1. e4 e5 2. Nf3 Nc6 3. d4 exd4 4. Bc4 Nf6 5. e5 d5 6. Bb5 Ne4 7. Nxd4 Bd7 8.
Nxc6 bxc6 9. Be2 Bc5 10. O-O Qh4 11. Qe1 O-O 12. Nd2 f5 13. exf6 Rxf6 14. Nf3
Qh5 15. Ng5 Qe8 16. Nxe4 Qxe4 17. Qc3 Bd6 18. Bg5 Qxe2 19. Bxf6 gxf6 20. Qxf6
Qe5 21. Qxe5 Bxe5 22. c3 Rb8 23. Rfe1 Bf6 24. Re2 Kf7 25. Rae1 c5 26. Rd2 c6
27. Rde2 d4 28. cxd4 cxd4 29. Rd2 c5 30. b3 a5 31. Rc2 Rb5 32. Rec1 Be7 33. h3
Rb4 34. Rc4 Rxc4 35. Rxc4 d3 36. Rc1 Bb5 37. Rd1 Bf6 38. Kf1 Bc3 39. f3 d2+ 40.
Kf2 Bd3 41. Ke3 Bc2 42. Rxd2 Bxd2+ 43. Kxd2 Bf5 44. Kc3 Ke7 45. a3 Kd7 46. b4
cxb4+ 47. axb4 axb4+ 48. Kxb4 Kd6 49. Kc3 Ke5 50. Kd2 Kf4 51. Ke2 Kg3 52. Kf1
h5 53. Kg1 h4 54. f4 Be4 55. f5 Bxg2 56. f6 Bd5 57. f7 Bxf7 {
remainder illegible} 0-1

[Event "Summer TNM"]
[Site "San Francisco"]
[Date "2006.07.11"]
[Round "5"]
[White "Samatra, Mario"]
[Black "Thornally, Frank"]
[Result "1/2-1/2"]
[WhiteElo "1914"]
[BlackElo "2200"]
[PlyCount "84"]
[EventDate "2006.06.06"]
[EventType "swiss"]
[EventRounds "8"]
[EventCountry "USA"]

1. d4 Nf6 2. Bg5 e6 3. e4 h6 4. Bxf6 Qxf6 5. Nf3 b6 6. Bd3 Bb7 7. O-O d6 8.
Nbd2 Nd7 9. c3 a6 10. Re1 Qd8 11. Qe2 Be7 12. e5 O-O 13. Bc2 Re8 14. Qd3 Nf8
15. Rad1 Qd7 16. Ne4 Bxe4 17. Rxe4 d5 18. Rg4 Kh8 19. Re1 Qb5 20. Qxb5 axb5 21.
a3 Nd7 22. Bd3 c6 23. h4 Nb8 24. Rf4 Rf8 25. g4 g5 26. hxg5 hxg5 27. Rf6 Bxf6
28. exf6 Nd7 29. Nxg5 Nxf6 30. f3 Kg7 31. Kg2 Rh8 32. Kg3 Rh6 33. Nxe6+ fxe6
34. g5 Nh5+ 35. Kg4 Rhh8 36. Rxe6 Rac8 37. f4 Nxf4 38. Kxf4 Rh2 39. Ke5 Rh3 40.
Bf5 Re3+ 41. Kd6 Rxe6+ 42. Bxe6 Re8 1/2-1/2

[Event "Summer TNM"]
[Site "San Francisco"]
[Date "2006.07.11"]
[Round "5"]
[White "Sherwood, Peter"]
[Black "Chillakanti, Kartik"]
[Result "1-0"]
[WhiteElo "1703"]
[BlackElo "1390"]
[PlyCount "55"]
[EventDate "2006.06.06"]
[EventType "swiss"]
[EventRounds "8"]
[EventCountry "USA"]

1. e4 e6 2. d4 d5 3. Nc3 Bb4 4. e5 b6 5. Qg4 Bf8 6. Nf3 Qd7 7. Bd3 Ba6 8. O-O
Bxd3 9. cxd3 c5 10. dxc5 bxc5 11. Bd2 Nc6 12. a3 Nge7 13. Rfe1 Ng6 14. Rac1 Be7
15. Na4 h5 16. Qg3 Rb8 17. Nxc5 Bxc5 18. Rxc5 Rxb2 19. d4 Nxd4 20. Nxd4 Rxd2
21. Qc3 Rxd4 22. Rc8+ Qxc8 23. Qxc8+ Ke7 24. Qc5+ Kd7 25. Qxd4 Rc8 26. g3 Rc4
27. Qxa7+ Kc6 28. Qxf7 1-0

[Event "Summer TNM"]
[Site "San Francisco"]
[Date "2006.07.11"]
[Round "5"]
[White "Siegrist, Daichi"]
[Black "Ostrovsky, Sergey"]
[Result "1-0"]
[WhiteElo "1954"]
[BlackElo "1870"]
[PlyCount "43"]
[EventDate "2006.06.06"]
[EventType "swiss"]
[EventRounds "8"]
[EventCountry "USA"]

1. d4 Nf6 2. Nc3 d5 3. Bg5 e6 4. e4 dxe4 5. Bxf6 gxf6 6. Nxe4 f5 7. Ng3 b6 8.
Qf3 Qxd4 9. Bb5+ Ke7 10. Qxa8 Qb4+ 11. c3 Qxb2 12. Rd1 Qxb5 13. Qxb8 Qe5+ 14.
N1e2 Bd7 15. Qxa7 Bb5 16. Qa3+ Kf6 17. Qc1 Bd6 18. c4 Bb4+ 19. Kf1 Ba4 20. Nh5+
Kg6 21. Nef4+ Kh6 22. Nd3+ 1-0

[Event "Summer TNM"]
[Site "San Francisco"]
[Date "2006.07.11"]
[Round "5"]
[White "Smelansky, Vadim"]
[Black "Russell, Joe"]
[Result "0-1"]
[WhiteElo "1789"]
[BlackElo "1633"]
[PlyCount "102"]
[EventDate "2006.06.06"]
[EventType "swiss"]
[EventRounds "8"]
[EventCountry "USA"]

1. e4 c5 2. Nf3 d6 3. Nc3 Nc6 4. Bb5 Nf6 5. O-O g6 6. d4 cxd4 7. Nxd4 Bd7 8.
Nxc6 Bxc6 9. Bxc6+ bxc6 10. Qf3 Qc7 11. Bf4 Nh5 12. Bg3 Bg7 13. Rad1 O-O 14.
Na4 Nxg3 15. Qxg3 Qa5 16. b3 f5 17. exf5 Rxf5 18. Qg4 Qe5 19. Qc4+ Kh8 20. Rfe1
Qf6 21. Qxc6 Rf8 22. f3 Qg5 23. Rd3 Be5 24. g4 Qh4 25. Re2 Rg5 26. Qe4 h5 27.
Rg2 hxg4 28. Nc3 Bxc3 29. Rxc3 Re5 30. Rxg4 Rxe4 31. Rxe4 Qg5+ 32. Kf1 Kg7 33.
h4 Qf6 34. Rce3 e5 35. Rg4 Qe6 36. Kg2 Qd5 37. Rd3 Qe6 38. Rc3 Rc8 39. Rgc4
Rxc4 40. Rxc4 Kf6 41. Rc7 e4 42. fxe4 Qxe4+ 43. Kg3 Qe3+ 44. Kg4 Qg1+ 45. Kh3
g5 46. hxg5+ Qxg5 47. Rc4 Ke6 48. a4 Kd7 49. b4 Qg1 50. Kh4 Ke6 51. c3 Kf5 0-1

[Event "Summer TNM"]
[Site "San Francisco"]
[Date "2006.07.11"]
[Round "5"]
[White "Todortsev, Victor"]
[Black "Bacelar, Erickson"]
[Result "1-0"]
[WhiteElo "1936"]
[BlackElo "1749"]
[PlyCount "97"]
[EventDate "2006.06.06"]
[EventType "swiss"]
[EventRounds "8"]
[EventCountry "USA"]

1. e4 e6 2. d4 d5 3. Nc3 dxe4 4. Nxe4 Be7 5. Nf3 Nf6 6. Bd3 Nbd7 7. O-O c5 8.
Bf4 Nxe4 9. Bxe4 Nf6 10. Bd3 O-O 11. dxc5 Bxc5 12. c3 b6 13. Qe2 Bb7 14. Rad1
Qc8 15. Ne5 g6 16. Rfe1 Nh5 17. Bh6 Ng7 18. Bc4 Rd8 19. Rxd8+ Qxd8 20. Bxg7
Kxg7 21. Nxf7 Qf6 22. Ne5 Qg5 23. Ng4 Rf8 24. Qe5+ Qxe5 25. Rxe5 Rf4 26. Ne3
Bxe3 27. Rxe3 Rxc4 28. Rxe6 Re4 29. Rxe4 Bxe4 30. f3 Bb1 31. a3 Kf6 32. Kf2 Ke5
33. Ke3 Bc2 34. h4 Bb3 35. g4 Bd1 36. c4 h6 37. b4 Bb3 38. f4+ Kd6 39. Kd4 Bd1
40. f5 g5 41. c5+ bxc5+ 42. bxc5+ Kc6 43. f6 Bb3 44. hxg5 hxg5 45. Ke5 Kxc5 46.
Kf5 Kd6 47. Kxg5 Bc2 48. Kh6 Kd7 49. f7 1-0

[Event "Summer TNM"]
[Site "San Francisco"]
[Date "2006.07.11"]
[Round "5"]
[White "Traub, Igor"]
[Black "Jones, Ian"]
[Result "1-0"]
[WhiteElo "2054"]
[BlackElo "1835"]
[PlyCount "71"]
[EventDate "2006.06.06"]
[EventType "swiss"]
[EventRounds "8"]
[EventCountry "USA"]

1. e4 e5 2. Nf3 Nc6 3. Bb5 a6 4. Ba4 Nf6 5. O-O Bc5 6. d3 b5 7. Bb3 d6 8. c3
Bg4 9. Be3 O-O 10. Nbd2 Re8 11. a4 Rb8 12. axb5 axb5 13. Ra6 Ne7 14. Bxc5 dxc5
15. Bxf7+ Kxf7 16. Nxe5+ Kg8 17. Nxg4 Nxg4 18. Qxg4 Qxd3 19. Nf3 Ng6 20. Ng5 b4
21. Re6 Nf8 22. Rxe8 Rxe8 23. Qf5 Qc4 24. e5 bxc3 25. bxc3 Qxc3 26. f4 Qd4+ 27.
Kh1 Qd5 28. h3 c4 29. Rf3 h6 30. Ne4 Ne6 31. Nf6+ gxf6 32. Rg3+ Ng7 33. Rxg7+
Kxg7 34. exf6+ Kf7 35. Qxd5+ Kxf6 36. Qxc4 1-0

[Event "Summer TNM"]
[Site "San Francisco"]
[Date "2006.07.11"]
[Round "5"]
[White "Tuvshintugs, Batchimeg"]
[Black "Mar, Craig"]
[Result "0-1"]
[WhiteElo "2268"]
[BlackElo "2419"]
[PlyCount "59"]
[EventDate "2006.06.06"]
[EventType "swiss"]
[EventRounds "8"]
[EventCountry "USA"]

1. e4 e5 2. Nf3 Nc6 3. Bb5 Bc5 4. O-O Nge7 5. c3 Bb6 6. d4 exd4 7. cxd4 d5 8.
exd5 Nxd5 9. Re1+ Be6 10. Ne5 (10. Bg5 Qd6 11. Nbd2 O-O 12. Nc4 {
is the main line which is considered better for White.}) 10... Nde7 11. Bg5 $6
Qxd4 12. Bxe7 (12. Qxd4 Bxd4 13. Bxe7 Bxe5 14. Rxe5 Kxe7 15. Bxc6 bxc6 16. Nc3
{Norcia-Canal, Reggio Emilia 1951, was very comfortable for Black.}) 12... Kxe7
$5 (12... Qxf2+ 13. Kh1 Qxb2 14. Bxc6+ bxc6 15. Ba3 Qxa1 16. Qa4 O-O-O 17. Qa6+
Kb8 18. Nxc6+ Ka8 19. Nxa7 Bc4) (12... Qxd1 {looks safest} 13. Rxd1 Kxe7 14.
Nxc6+ (14. Bxc6 bxc6 15. Nxc6+ Kf6 16. Nc3 Rhe8 17. Rd2 {is a better try and
might be equal. Black has the two Bishops but the Knight on c6 creates a bind.}
) 14... bxc6 15. Bxc6 Rad8 {
and Black was doing well in Arribas-Perez, Cuba 1999.}) 13. Bxc6 Qxf2+ 14. Kh1
Rad8 $2 (14... bxc6 {had to be played. Critical is} 15. Nxc6+ Kf8 16. Nd2 Bd5 {
when Black has extra material but may have trouble consolidating his position.}
17. Ne4) 15. Qc1 f6 (15... bxc6 16. Nxc6+ Kd7 17. Rd1+ Kc8 18. Nxd8 Rxd8 19.
Rxd8+ Kxd8 20. Na3 {and White is better.}) 16. Ng4 Qh4 17. Bf3 Kf7 18. Rxe6 $5
(18. Re4 $1 Qg5 19. Ne5+ Kf8 20. Qxg5 fxg5 21. Nc3 {is easily winning.}) 18...
Kxe6 19. Qc4+ Ke7 20. Nc3 c6 21. Qe4+ Kf8 22. Qb4+ {
Donaldson: 'was the way to get on the right track.'} Kg8 (22... c5 {
is a huge concession giving up d5 but had to be played.}) 23. Qc4+ (23. Qe7 $1
{with threats of Ne4 and Ne5 would have ended resistance quickly. Around here
White was in extreme time pressure.}) 23... Kf8 24. g3 (24. Qb4+ {
was the way to get on the right track.}) 24... Qg5 25. Re1 (25. Ne4 Qf5 26. Rf1
h5 27. Be2 Qd5 {and Black's Rook and two pawns look very good against White's
Knights in the ending.}) 25... h5 $1 {The Knight is trapped.} 26. Ne4 Qf5 27.
Qe2 hxg4 28. Bxg4 Qe5 29. Qf1 Qd4 30. Re2 {White's flag fell before she could
punch her clock. 0-1 Tuvshintugs,B-Mar,C/San Francisco 0/[Donaldson]} 0-1

[Event "Summer TNM"]
[Site "San Francisco"]
[Date "2006.07.11"]
[Round "5"]
[White "Whalley, Martin"]
[Black "Sanguinetti, George"]
[Result "0-1"]
[WhiteElo "1830"]
[BlackElo "1959"]
[PlyCount "62"]
[EventDate "2006.06.06"]
[EventType "swiss"]
[EventRounds "8"]
[EventCountry "USA"]

1. d4 d5 2. Nf3 e6 3. Bg5 f6 4. Bh4 Nh6 5. Nbd2 Nf5 6. e4 dxe4 7. Nxe4 Nc6 8.
Bb5 Be7 9. Nc5 O-O 10. Bxc6 bxc6 11. Bg3 Qd5 12. Bxc7 e5 13. c3 exd4 14. cxd4
Bxc5 15. dxc5 Re8+ 16. Kf1 Ba6+ 17. Kg1 Qxc5 18. g4 Qe7 19. Qb3+ Kh8 20. Bf4
Nd4 21. Nxd4 Qe4 22. Qf3 Qxd4 23. Be3 Qxb2 24. Kg2 Bd3 25. Kg3 Be4 26. Qf4 Bxh1
27. Bd4 Qa3+ 28. f3 c5 29. Bxf6 Qxf3+ 30. Qxf3 Bxf3 31. Bxg7+ Kxg7 0-1